Тест по Diablo II - Statistics

General Stats
  • This quiz has been taken 8 times
  • The average score is 8 of 20
Answer Stats
Вопрос Ответ % Correct
Город из первой части в серии игр, ныне павший под натиском нечисти Тристрам
100%
Основной город из второго, пустынного акта игры Лут-Голейн
50%
Магический преобразователь предметов (как квестовых, так и обычных), найденный во втором акте Хорадрический куб
50%
Главный босс третьего акта игры Мефисто
50%
Зелье, моментально восстанавливающее как часть маны, так и часть здоровья Зелье восстановления
50%
Обязательный предмет для прохода на Секретный коровий уровень помимо тома телепортации Нога Вирта
50%
Цвет наиболее редких и наиболее ценных особых оружия и экипировки в игре Зелёный
50%
Какой персонаж в игре помогает опознавать предметы помимо свитков и тома распознания? Декард Каин
50%
Персонаж какого класса на экране выбора персонажа в расширенной версии стоит по правому краю? Друид
50%
Сколько всего гробниц Тал-Раша находится в Каньоне магов? 7
50%
Официальный глобальный ремастер игры, вышедший в 2021 году Resurrected
50%
Кто в первом акте, согласно найденной летописи, жил в подвале разрушенной башни? Кровавая графиня
25%
Основной композитор серии игр Diablo Мэтт Уэльмен
25%
Молот Чарси, кузнеца лагеря разбойников в первом акте, оставленный ею в Соборе и ныне принадлежащий демоническому Кузнецу Малус
25%
Событие второго акта игры, происходящее после входа на территорию Забытого города Затмение
25%
Тип ответного урона, наносимого гигантскими жуками-скарабеями во втором акте Электричество
25%
Ангел, иногда помогающий главному герою и его спутнику Мариусу бороться с порождениями зла в катсценах, также появляется в самой игре в четвёртом акте Тираэль
25%
Какие три органа Халима необходимы для создания особого артефакта "Воля Халима"? Глаз, мозг и сердце
25%
Предводитель падших демонов из первого акта, имя которого они довольно часто выкрикивают в бою Раканишу
25%
Масштабное официальное дополнение к игре, добавляющее помимо всего прочего пятый акт Lord of Destruction
25%
No matching quizzes found
Score Distribution
Percent of People with Each Score
Percentile by Number Answered
Your Score History
You have not taken this quiz